00408 a2200109 4500001000900000005001700009008004100026245010400067100002900171700002700200773007100227ART_945020260410161559.0260409a 10aModificaciones propuestas al Código de Ética de la IFAC respecto de los Conflictos de Interés1 aSubelet, María Cecilia1 aSubelet, Carlos Javier0 tProfesional & Empresariag- Año XIII, Nº 156 (sep. 2012)wREV70